| 000 | 00561nam a22001937a 4500 | ||
|---|---|---|---|
| 003 | NUST - PNEC | ||
| 005 | 20170116181205.0 | ||
| 008 | 160817b xxu||||| |||| 00| 0 eng d | ||
| 020 | _a9789694124148 | ||
| 040 | _cLIBRARY | ||
| 082 | _a333.7909 KHA | ||
| 100 |
_916830 _aKhan, Nasim A. |
||
| 245 |
_aEnergy Resources and Their Utilization in Pakistan _cNasim A. Khan |
||
| 250 | _a- | ||
| 260 |
_aKarachi, Pakistan _bHamdard University Publication _cc.2010 |
||
| 300 | _a354 p. : | ||
| 650 |
_916831 _aEnergy Resources _xMIS / ME / WE |
||
| 942 |
_2ddc _cBK |
||
| 999 |
_c71635 _d71635 |
||